000
00276nam a2200121Ia 4500
005
20251222141833.0
008
251222s9999||||xx |||||||||||||| ||spa||
082
_a
955.054/G74
100
_a
Gorolon, Matthew S.
245
0
_a
Ayatollah Khomeini
264
_b
Cinco
942
_c
LIB
999
_c
7173
_d
7173